Možnosti na vyjednávanie ešte sú. S ing. Vladimírom Masárom o návšteve v Japonsku.

Rozhovor so štátnym tajomníkom Ministerstva financií SR o inaugurácii Japonsko-slovenskej organizácie (členmi sú za Slovensko členovia vlády, za Japonsko zástupcovia parlamentu), ktorej cieľom je vytvárať vhodnú klímu pre rozvoj vzťahov oboch krajín, osobitne ekonomických. Doterajšia spolupráca s fi...

Descrizione completa

Salvato in:
Dettagli Bibliografici
Autore principale: Masár, V.
Altri autori: Klimešová, E.
Natura: Capitolo di libro
Lingua:slovacco
Soggetti:
Tags: Aggiungi Tag
Nessun Tag, puoi essere il primo ad aggiungerne!!

MARC

LEADER 00000naa a2200000 4500
001 r012663
005 20220826094950.1
041 0 |a slo 
044 |a SK 
245 1 0 |a Možnosti na vyjednávanie ešte sú.  |b S ing. Vladimírom Masárom o návšteve v Japonsku.  |c V. Masár, E. Klimešová 
520 |a Rozhovor so štátnym tajomníkom Ministerstva financií SR o inaugurácii Japonsko-slovenskej organizácie (členmi sú za Slovensko členovia vlády, za Japonsko zástupcovia parlamentu), ktorej cieľom je vytvárať vhodnú klímu pre rozvoj vzťahov oboch krajín, osobitne ekonomických. Doterajšia spolupráca s finančnými inštitúciami Japonska, stáže našich pracovníkov v Industrial Bank of Japan. 
610 2 0 |a Japonsko-slovenská organizácia 
610 2 0 |a vzťahy hospodárske vonkajšie 
610 2 0 |a spolupráca hospodárska medzinárodná 
610 2 0 |a Japonsko 
610 2 0 |a Slovensko 
610 2 0 |a financie 
100 1 |a Masár, V. 
700 1 |a Klimešová, E.